000 00587cam a22002053a 4500
001 43753
003 PGUSA
005 20140828084008.0
008 130916s2013||||xxu|||||s|||||000 | eng d
040 _aPGUSA
_beng
042 _adc
100 1 _aJudson, Isabella Field
245 1 0 _aCyrus W. Field; his Life and Work
_h[electronic resource] /
_cIsabella Field Judson
260 _bProject Gutenberg,
_c2013
506 _aPublic domain in the USA.
516 _aElectronic text
830 0 _aProject Gutenberg
_v43753
856 4 0 _uhttp://www.gutenberg.org/ebooks/43753
942 _cEB
999 _c273004
_d273004